Folk literature of the makka indias (Registro nro. 45092)

Detalles MARC
001 - NÚMERO DE CONTROL
campo de control 70163
005 - FECHA Y HORA DE LA ÚLTIMA TRANSACCIÓN
campo de control 20260504075039.0
008 - DATOS DE LONGITUD FIJA--INFORMACIÓN GENERAL
campo de control de longitud fija 960313s1991 eng
020 ## - NÚMERO INTERNACIONAL ESTÁNDAR DEL LIBRO
Número Internacional Estándar del Libro 9780879030780
035 ## - NÚMERO DE CONTROL DEL SISTEMA
Número de control de sistema 70163
035 ## - NÚMERO DE CONTROL DEL SISTEMA
Número de control de sistema (OCoLC)778195833
040 ## - FUENTE DE LA CATALOGACIÓN
Centro/agencia transcriptor comduadb
041 ## - CÓDIGO DE LENGUA
Código de lengua del texto/banda sonora o título independiente eng
082 #4 - NÚMERO DE LA CLASIFICACIÓN DECIMAL DEWEY
Número de clasificación 898
100 10 - ENTRADA PRINCIPAL--NOMBRE DE PERSONA
Nombre de persona Wilbert, Johannes
Código de función aut
Término indicativo de función/relación Autor/a
9 (RLIN) 246290
245 10 - MENCIÓN DE TÍTULO
Título Folk literature of the makka indias
260 ## - PUBLICACIÓN, DISTRIBUCIÓN, ETC.
Lugar de publicación, distribución, etc. Estados Unidos :
Nombre del editor, distribuidor, etc. University of California,
Fecha de publicación, distribución, etc. 1991.
300 ## - DESCRIPCIÓN FÍSICA
Extensión xvii, 326 páginas
650 #7 - PUNTO DE ACCESO ADICIONAL DE MATERIA--TÉRMINO DE MATERIA
Término de materia o nombre geográfico como elemento de entrada Leyendas indígenas
Fuente del encabezamiento o término lemb
9 (RLIN) 39304
650 ## - PUNTO DE ACCESO ADICIONAL DE MATERIA--TÉRMINO DE MATERIA
Término de materia o nombre geográfico como elemento de entrada Maca (indígenas) - religión y mitología
9 (RLIN) 174379
650 ## - PUNTO DE ACCESO ADICIONAL DE MATERIA--TÉRMINO DE MATERIA
Término de materia o nombre geográfico como elemento de entrada Folclor - Paraguay
9 (RLIN) 8067
700 10 - ENTRADA AGREGADA--NOMBRE PERSONAL
Nombre de persona Simoneau, Karin
Código de función aut
Término indicativo de función/relación Autor/a
9 (RLIN) 256290
942 ## - ELEMENTOS DE ENTRADA AGREGADA (KOHA)
Tipo de ítem Koha Libros
Existencias
Estado de retiro Estado de pérdida Estado dañado No para préstamo Código de colección Localización permanente Ubicación/localización actual Fecha de adquisición Número de inventario Total de préstamos Signatura topográfica completa Código de barras Fecha visto por última vez Número de copia Precio válido a partir de Tipo de ítem Koha
        Colección de Literatura (Piso 1) Biblioteca Carlos Gaviria Díaz, Campus Medellín Biblioteca Carlos Gaviria Díaz, Campus Medellín 17/07/1996 C113264   898 F666Li 61000000359592 21/04/2023 1 21/04/2023 Libros